Obhajovať ľudí práce

Rozhovor s viceprezidentom KOZ SR a podpredsedom správnej rady Sociálnej poisťovne Václavom Štefkom. Názory na koncepciu transformácie sociálnej sféry. Okruhy problémov, ktoré odborári pokladajú za najdôležitejšie v rámci koncepcie sociálnej politiky. Názory na ďalší vývoj v oblasti nemocenského a d...

Ausführliche Beschreibung

Gespeichert in:
Bibliographische Detailangaben
Format: Buchkapitel
Sprache:Slowakisch
Schlagworte:
Tags: Tag hinzufügen
Keine Tags, Fügen Sie das erste Tag hinzu!

MARC

LEADER 00000naa a2200000 4500
001 r020309
005 20230922130223.6
041 0 |a slo 
044 |a SK 
245 1 0 |a Obhajovať ľudí práce 
520 |a Rozhovor s viceprezidentom KOZ SR a podpredsedom správnej rady Sociálnej poisťovne Václavom Štefkom. Názory na koncepciu transformácie sociálnej sféry. Okruhy problémov, ktoré odborári pokladajú za najdôležitejšie v rámci koncepcie sociálnej politiky. Názory na ďalší vývoj v oblasti nemocenského a dôchodkového zabezpečenie, ktorý by najviac vyhovoval záujmom odborárov. 
610 2 0 |a politika sociálna 
610 2 0 |a odbory 
610 2 0 |a zabezpečenie dôchodkové 
610 2 0 |a zabezpečenie nemocenské